HARRY POTTER (Record no. 5921)
[ view plain ]
| 000 -LEADER | |
|---|---|
| fixed length control field | 00607nam a22001457a 4500 |
| 020 ## - INTERNATIONAL STANDARD BOOK NUMBER | |
| ISBN | 978-93-86106-59-9 |
| 082 ## - DEWEY DECIMAL CLASSIFICATION NUMBER | |
| Classification number | 823 |
| Item number | ROW/H |
| 100 ## - MAIN ENTRY--AUTHOR NAME | |
| Personal name | ROWLING, J K |
| 245 ## - TITLE STATEMENT | |
| Title | HARRY POTTER |
| Remainder of title | ALBUS DUMBLEDORE |
| 260 ## - PUBLICATION, DISTRIBUTION, ETC. (IMPRINT) | |
| Place of publication | GURGAON |
| Name of publisher | SCHOLASTIC INDIA |
| Year of publication | 2016 |
| 300 ## - PHYSICAL DESCRIPTION | |
| Number of Pages | 62 |
| 520 ## - SUMMARY, ETC. | |
| Summary, etc | Professor Dumbledore is the Headmaster at Hogwarts. He is an odd old man, but an incredibly powerful wizard who has earned the trust of the wizard world. At the beginning of the book, Professor McGonagall and Hagrid both talk about Dumbledore's power with a sense of awe and respect. |
| 650 ## - SUBJECT ADDED ENTRY--TOPICAL TERM | |
| Topical Term | FICTION |
| Geographic subdivision | INDIA |
| 942 ## - ADDED ENTRY ELEMENTS (KOHA) | |
| Koha item type | Books |
| Withdrawn status | Lost status | Collection code | Home library | Current library | Shelving location | Date acquired | Source of acquisition | Cost, normal purchase price | Full call number | Accession Number | Koha item type |
|---|---|---|---|---|---|---|---|---|---|---|---|
| Fiction | Main Library | Main Library | SHELF 15 H-HARRY POTTER(CHARACTERISATION),WIMPY KID,DORK DIARIES | 18/10/2018 | purchase | 105.00 | 823 ROW/H | 10278 | Books | ||
| Fiction | Main Library | Main Library | SHELF 15 H-HARRY POTTER(CHARACTERISATION),WIMPY KID,DORK DIARIES | 24/10/2017 | purchase | 395.00 | 823 ROW/H | 10077 | Books | ||
| Fiction | Main Library | Main Library | SHELF 15 H-HARRY POTTER(CHARACTERISATION),WIMPY KID,DORK DIARIES | 16/10/2018 | purchase | 395.00 | 823 ROW/H | 10270 | Books |